000 nam a22 a 4500
999 _c252
_d252
003 AKMAL
005 20170428085937.0
008 170428s1991 my f00 may d
020 _a9679933113 (kkt.)
040 _aAKMAL
082 0 4 _a172.209595 NIL
_221
090 0 0 _a172.209595
_bNIL
245 0 0 _aNilai dan etika dalam perkhidmatan awam /
_cdisunting oleh Mohd. Tap b. Salleh, Zakaria b. Ahmad, Syed Zulflida b. Syed Md. Noor
260 _aKuala Lumpur :
_bInstitut Tadbiran Awam Negara ,
_c1991
300 _axviii, 95ms. :
_bil. wrn. ;
_c22cm
650 1 0 _aCivil service ethics
_zMalaysia
_9416
650 2 0 _aCivil service
_zMalaysia
_9420
700 0 _aMohd. Tap bin Salleh
_9560
700 0 _aZakaria Ahmad
_9561
700 0 _aSyed Zulflida S. M. Noor
_9562
710 2 _aInstitut Tadbiran Awam Negara
_9410
710 2 _aJawatankuasa Penyediaan Buku Nilai dan Etika Dalam Perkhid matan Awam
_9563
942 _2ddc
_cBOOK